000 00551cam a2200181 4500
008 090401t1973 xxu||||| |||| 00| 0 eng d
020 _a0421179708
035 _a(Sirsi) u15408
041 _aeng
100 _aWallace, Ian Norman Duncan
245 _aFurther building and engineering standard forms
260 _aLondon
_bSweet and Maxwell
_c1973
300 _axi. 248p. 26cm. Index
350 _a7
520 _aA continuation of Building and civil engineering standard forms,published in 1969.`-Preface.
942 _n0
948 _c04/03/1997
999 _c87280
_d87280